MARC

LEADER 00000nam0a2200000 4500
001 274709
005 20231101234744.0
035 |a (RuTPU)RU\TPU\book\297919 
090 |a 274709 
100 |a 20141107d1984 k y0rusy50 ca 
101 0 |a rus 
102 |a RU 
105 |a a z 001zy 
200 1 |a Осадочный чехол дна Мирового океана (по данным сейсморазведки) 
210 |a Москва  |c Наука  |d 1984 
215 |a 176 с.  |c ил. 
225 1 |a Труды ГИН (Геологического института АН СССР)  |v Вып. 388 
320 |a Библиография в конце статей 
606 1 |a Морское дно  |x Рельеф  |2 stltpush  |3 (RuTPU)RU\TPU\subj\44469  |9 63790 
610 1 |a Мировой океан 
610 1 |a осадочный чехол 
610 1 |a сейсмические материалы 
610 1 |a Атлантический океан 
610 1 |a Черное море 
610 1 |a Прикаспийская впадина 
610 1 |a Западный Казахстан 
610 1 |a исследования 
675 |a 551.462  |v 3 
712 0 2 |a Академия наук СССР (АН СССР)  |b Геологический институт (ГИН)  |c (Москва)  |2 stltpush  |3 (RuTPU)RU\TPU\col\11354 
801 1 |a RU  |b 63413507  |c 20141107 
801 2 |a RU  |b 63413507  |c 20170120  |g RCR 
942 |c BK